[Event "Rated Blitz tournament 4KZyaAQj"]
[Site "?"]
[Date "2021.05.01"]
[Round "?"]
[White "JakeShneiper"]
[Black "Holstentor"]
[Result "0-1"]
[WhiteElo "2244"]
[BlackElo "2449"]
[PlyCount "26"]
[EventDate "2021.??.??"]
[EventType "blitz"]
[TimeControl "180"]

1. e4 e5 2. Nf3 Nc6 3. Nc3 Nf6 4. Nxe5 Nxe5 5. d4 Ng6 6. e5 Ng8 7. Bc4 d5 8.
Bxd5 c6 9. Bb3 Be6 10. Qf3 Qxd4 11. O-O Nxe5 12. Qg3 Bd6 13. Qxg7 Nf3+ {Normal}
0-1

[Event "Rated Blitz game"]
[Site "?"]
[Date "2021.05.01"]
[Round "?"]
[White "Niemans"]
[Black "Reyeshevsky"]
[Result "0-1"]
[WhiteElo "2400"]
[BlackElo "2226"]
[PlyCount "96"]
[EventDate "2021.??.??"]
[EventType "blitz"]
[TimeControl "180"]

1. e4 e5 2. Nf3 Nc6 3. Nc3 Nf6 4. Nxe5 Nxe5 5. d4 Ng6 6. e5 Ng8 7. Bc4 d5 8.
Bxd5 c6 9. Be4 Be6 10. Qd3 Bb4 11. O-O N8e7 12. Bg5 Qd7 13. f4 Nf5 14. Rad1
Nxd4 15. f5 Nxe5 16. fxe6 Nxe6 17. Qg3 Bd6 18. Rxd6 Qxd6 19. Rd1 Qc7 20. Bf5
O-O 21. Bxe6 fxe6 22. Bf4 Nf3+ 23. Qxf3 Qxf4 24. Qd3 Rad8 25. Qxd8 Qf2+ 26. Kh1
Rxd8 27. Rxd8+ Kf7 28. h3 Qxc2 29. Rd7+ Kg6 30. Rxb7 a5 31. Kh2 e5 32. Rb6 Kf5
33. Rxc6 Qxb2 34. Nd5 Qxa2 35. Ne7+ Kf4 36. Rc3 a4 37. Nc6 Qb2 38. Rf3+ Ke4 39.
Na5 Kd5 40. Rd3+ Ke6 41. Nc4 e4 42. Rd6+ Ke7 43. Nxb2 Kxd6 44. Nxa4 e3 45. Nb2
Kd5 46. Nd3 Kd4 47. Ne1 e2 48. Kg1 Ke3 {Time forfeit} 0-1

[Event "Rated Blitz game"]
[Site "?"]
[Date "2021.04.30"]
[Round "?"]
[White "piegoche"]
[Black "Passdar"]
[Result "0-1"]
[WhiteElo "2284"]
[BlackElo "2431"]
[PlyCount "40"]
[EventDate "2021.??.??"]
[EventType "blitz"]
[TimeControl "180"]

1. e4 e5 2. Nf3 Nc6 3. Nc3 Nf6 4. Nxe5 Nxe5 5. d4 Nc6 6. d5 Ne5 7. f4 Ng6 8. e5
Ng8 9. d6 cxd6 10. exd6 Qf6 11. Nb5 Nxf4 12. Nc7+ Kd8 13. Nxa8 Qe5+ 14. Kf2
Bxd6 15. Be3 Nh6 16. Bxa7 Bc5+ 17. Bxc5 Qxc5+ 18. Kf3 b6 19. Kxf4 Re8 20. Bd3
Qe3# {Normal} 0-1

[Event "Rated Blitz tournament AcY1Aigu"]
[Site "?"]
[Date "2021.04.29"]
[Round "?"]
[White "SanLit"]
[Black "FaitesEntrerleKraken"]
[Result "0-1"]
[WhiteElo "2290"]
[BlackElo "2441"]
[PlyCount "55"]
[EventDate "2021.??.??"]
[EventType "blitz"]
[TimeControl "180"]

1. e4 Nf6 2. Nc3 e5 3. Nf3 Nc6 4. Nxe5 Nxe5 5. d4 Ng6 6. e5 Ng8 7. Bc4 d5 8.
Bxd5 N8e7 9. Bb3 Nf5 10. Be3 c5 11. dxc5 Nxe3 12. fxe3 Qxd1+ 13. Rxd1 Bxc5 14.
Nd5 O-O 15. Ke2 Nxe5 16. Rhf1 Bg4+ 17. Kd2 Bxd1 18. Rxd1 Rad8 19. c4 Ng4 20. e4
Ne3 21. Re1 Nxg2 22. Re2 Nf4 23. Re1 Bb4+ 24. Kd1 Bxe1 25. Kxe1 Nxd5 26. exd5
Rfe8+ 27. Kd2 Re4 28. Kd3 {Normal} 0-1

[Event "Rated Blitz tournament AcY1Aigu"]
[Site "?"]
[Date "2021.04.29"]
[Round "?"]
[White "SanLit"]
[Black "FaitesEntrerleKraken"]
[Result "0-1"]
[WhiteElo "2289"]
[BlackElo "2442"]
[PlyCount "122"]
[EventDate "2021.??.??"]
[EventType "blitz"]
[TimeControl "180"]

1. e4 e5 2. Nf3 Nc6 3. Nc3 Nf6 4. Nxe5 Nxe5 5. d4 Ng6 6. e5 Ng8 7. Bc4 d5 8.
Bxd5 N8e7 9. Bc4 Nf5 10. Be3 Nxe3 11. fxe3 Qh4+ 12. g3 Qg4 13. Qd2 Bb4 14. Qf2
Be6 15. Bd3 O-O-O 16. h3 Qg5 17. a3 Bxc3+ 18. bxc3 h5 19. O-O-O h4 20. g4 Qe7
21. Kb2 Rd5 22. Bc4 Ra5 23. Bxe6+ Qxe6 24. Ra1 Rd8 25. Qf3 Rdd5 26. Kc1 Qe7 27.
Rf1 Rd7 28. Qf5 Rxa3 29. Rxa3 Qxa3+ 30. Kd2 Qe7 31. Qh5 b6 32. Qf5 Kb7 33. Qe4+
c6 34. Qf5 Nxe5 35. Ke2 Nc4 36. Qd3 b5 37. Ra1 Rd6 38. e4 Re6 39. e5 f6 40. Qh7
fxe5 41. d5 cxd5 42. Qg8 Rd6 43. Qh7 Rd8 44. Qd3 Qf6 45. Rf1 Qb6 46. Qf3 e4 47.
Qf7+ Qc7 48. Qf2 Qg3 49. Qxg3 hxg3 50. Rf7+ Kc6 51. Rxg7 a5 52. Rg6+ Kc5 53.
Rg5 Ra8 54. Rg7 a4 55. Rd7 a3 56. Rc7+ Kd6 57. Rf7 a2 58. Rf1 a1=Q 59. Rxa1
Rxa1 60. h4 g2 61. Kf2 g1=Q+ {Time forfeit} 0-1

[Event "Rated Blitz tournament JWr9JIsb"]
[Site "?"]
[Date "2021.04.29"]
[Round "?"]
[White "GulBari"]
[Black "kaizen30"]
[Result "0-1"]
[WhiteElo "2224"]
[BlackElo "2403"]
[PlyCount "132"]
[EventDate "2021.??.??"]
[EventType "blitz"]
[TimeControl "180"]

1. e4 Nc6 2. Nc3 e5 3. Nf3 Nf6 4. Nxe5 Nxe5 5. d4 Nxe4 6. Nxe4 d5 7. dxe5 dxe4
8. Qxd8+ Kxd8 9. Bg5+ Be7 10. O-O-O+ Bd7 11. Bf4 Ke8 12. Bc4 g5 13. Be3 b5 14.
Bd5 c6 15. Bxe4 Rc8 16. h4 g4 17. f4 gxf3 18. gxf3 a5 19. f4 f5 20. Bf3 Be6 21.
Bh5+ Kf8 22. Rhg1 a4 23. a3 Rb8 24. Bf3 c5 25. Bc6 b4 26. axb4 Rxb4 27. Bd7
Bxd7 28. Rxd7 Re4 29. Bd2 Rd4 30. Rxd4 cxd4 31. e6 h5 32. c3 d3 33. Be3 Bxh4
34. Bd4 Rh7 35. Rg6 Be7 36. Bf6 h4 37. Bxe7+ Kxe7 38. Rg2 h3 39. Rh2 Kxe6 40.
Kd2 Kd5 41. Kxd3 Rh4 42. c4+ Kc5 43. Kc3 Rxf4 44. Rxh3 Rxc4+ 45. Kd2 Kb4 46.
Rf3 Rd4+ 47. Kc2 f4 48. Kb1 Rc4 49. Ka2 Re4 50. Rh3 Re3 51. Rh4 Rf3 52. Rg4 Rf1
53. Rg8 Kc4 54. Rb8 Kd3 55. Rc8 Ke2 56. Rd8 Kf3 57. Re8 Rf2 58. Ka3 Kg2 59.
Rg8+ Kf1 60. Rf8 f3 61. b3 axb3 62. Kxb3 Ke2 63. Kc3 Rg2 64. Re8+ Kf2 65. Kd3
Kg1 66. Rf8 f2 {Time forfeit} 0-1

[Event "Rated Blitz game"]
[Site "?"]
[Date "2021.04.29"]
[Round "?"]
[White "Lunaticxxx"]
[Black "doreality1991"]
[Result "1-0"]
[WhiteElo "2804"]
[BlackElo "2724"]
[PlyCount "97"]
[EventDate "2021.??.??"]
[EventType "blitz"]
[TimeControl "180"]

1. e4 e5 2. Nf3 Nc6 3. Nc3 Nf6 4. Nxe5 Nxe5 5. d4 Ng6 6. e5 Bb4 7. exf6 Qxf6 8.
Bd3 O-O 9. O-O Bxc3 10. bxc3 d5 11. Qh5 c6 12. Bg5 Qd6 13. Rae1 Be6 14. f4 f5
15. Re3 Rae8 16. Rh3 Kf7 17. g4 Qd7 18. Re3 Kg8 19. Rh3 Kf7 20. Re1 fxg4 21.
Qxh7 Bf5 22. Rxe8 Qxe8 23. Bxf5 Qe1+ 24. Kg2 Qe2+ 25. Kg1 Qe1+ 26. Kg2 gxh3+
27. Kxh3 Qe3+ 28. Kg4 Qe2+ 29. Kg3 Ne7 30. Qh5+ g6 31. Qxe2 Nxf5+ 32. Kf2 Re8
33. Qd3 Nd6 34. f5 Nxf5 35. h4 Re4 36. h5 gxh5 37. Qh3 Kg6 38. Bd2 Rg4 39. Qh2
Ng3 40. Kf3 Ne4 41. Bf4 Nxc3 42. Be3 Ne4 43. Qc7 Rg3+ 44. Ke2 Rg2+ 45. Ke1 Rxc2
46. Qxb7 Kf5 47. Qc8+ Kg6 48. Qe6+ Nf6 49. Bf4 {Time forfeit} 1-0

[Event "Rated Blitz tournament orkYzd31"]
[Site "?"]
[Date "2021.04.29"]
[Round "?"]
[White "Penicillus"]
[Black "h4rl3k1n"]
[Result "0-1"]
[WhiteElo "2329"]
[BlackElo "2460"]
[PlyCount "56"]
[EventDate "2021.??.??"]
[EventType "blitz"]
[TimeControl "180"]

1. e4 e5 2. Nf3 Nc6 3. Nc3 Nf6 4. Nxe5 Nxe5 5. d4 Ng6 6. e5 Bb4 7. exf6 Qxf6 8.
Be3 O-O 9. Bd3 Nf4 10. O-O Bxc3 11. bxc3 d5 12. Bxf4 Qxf4 13. Qh5 g6 14. Qxd5
c6 15. Qe5 Qxe5 16. dxe5 Be6 17. f4 b6 18. Kf2 Rad8 19. Ke3 Rd7 20. Be4 c5 21.
a4 f6 22. exf6 Rxf6 23. a5 b5 24. Rad1 Re7 25. Rd6 Kg7 26. g4 Bxg4 27. Rxf6
Kxf6 28. Rd1 Bxd1 {Normal} 0-1

[Event "Rated Blitz game"]
[Site "?"]
[Date "2021.04.28"]
[Round "?"]
[White "Niemans"]
[Black "drazan74"]
[Result "0-1"]
[WhiteElo "2404"]
[BlackElo "2311"]
[PlyCount "84"]
[EventDate "2021.??.??"]
[EventType "blitz"]
[TimeControl "180"]

1. e4 e5 2. Nf3 Nc6 3. Nc3 Nf6 4. Nxe5 Nxe5 5. d4 Nc6 6. d5 Nb8 7. e5 Ng8 8. d6
cxd6 9. exd6 Qa5 10. Bf4 Nf6 11. Qd2 Nc6 12. O-O-O a6 13. Bc4 b5 14. Bd5 Bb7
15. Rhe1+ Kd8 16. Kb1 b4 17. Ne4 Qxd5 18. Qxd5 Nxd5 19. Rxd5 h6 20. Nc5 Bc8 21.
Rd3 g5 22. Be5 Nxe5 23. Rxe5 Bg7 24. Rf5 Rf8 25. Re3 f6 26. Re7 Rg8 27. g4 Bf8
28. Rh7 Bxd6 29. Ne4 Be7 30. Rxh6 d6 31. Rd5 Bb7 32. Rd4 Bxe4 33. Rxe4 Rf8 34.
Rh7 Re8 35. f4 gxf4 36. Rxf4 a5 37. b3 Rc8 38. h4 Rc5 39. h5 f5 40. Rxe7 Kxe7
41. g5 Re5 42. g6 Kf6 {Normal} 0-1

[Event "Rated Blitz game"]
[Site "?"]
[Date "2021.04.27"]
[Round "?"]
[White "Niemans"]
[Black "samuel2900"]
[Result "1/2-1/2"]
[WhiteElo "2387"]
[BlackElo "2401"]
[PlyCount "54"]
[EventDate "2021.??.??"]
[EventType "blitz"]
[TimeControl "180"]

1. e4 e5 2. Nf3 Nc6 3. Nc3 Nf6 4. Nxe5 Nxe5 5. d4 Nc6 6. d5 Ne7 7. e5 Nfg8 8.
d6 Nc6 9. Qe2 g6 10. Nd5 Bg7 11. Nxc7+ Kf8 12. Nxa8 Bxe5 13. Nc7 Bxd6 14. Nb5
Be5 15. Bd2 Bxb2 16. Rb1 Bg7 17. Nd6 b6 18. Nxc8 Qxc8 19. g3 Nf6 20. Bg2 Nd4
21. Qd3 Nxc2+ 22. Kd1 Ng4 23. Qxc2 Nxf2+ 24. Kc1 Nd3+ 25. Kd1 Nf2+ 26. Kc1 Nd3+
27. Kd1 Nf2+ {Normal} 1/2-1/2

[Event "Rated Blitz game"]
[Site "?"]
[Date "2021.04.26"]
[Round "?"]
[White "SalvioSakakibara"]
[Black "SashaKuzhilniy"]
[Result "1/2-1/2"]
[WhiteElo "2431"]
[BlackElo "2334"]
[PlyCount "109"]
[EventDate "2021.??.??"]
[EventType "blitz"]
[TimeControl "180"]

1. e4 e5 2. Nf3 Nf6 3. Nc3 Nc6 4. Nxe5 Nxe5 5. d4 d6 6. dxe5 dxe5 7. Qxd8+ Kxd8
8. Bg5 c6 9. O-O-O+ Kc7 10. f4 h6 11. fxe5 hxg5 12. exf6 gxf6 13. Bc4 Be6 14.
Bxe6 fxe6 15. h3 Bd6 16. Ne2 Be5 17. c3 Rag8 18. Rhf1 Rh4 19. Nd4 Rxe4 20.
Nxe6+ Kb6 21. Nd4 Rd8 22. Nf3 Rxd1+ 23. Kxd1 Bf4 24. Re1 Rxe1+ 25. Nxe1 Bd6 26.
Nd3 Kc7 27. Ke2 Kd7 28. Kf3 Ke6 29. g4 f5 30. gxf5+ Kxf5 31. Nf2 Be7 32. Ng4 b5
33. b3 Bf8 34. Ke3 Bg7 35. c4 Ba1 36. cxb5 cxb5 37. a4 bxa4 38. bxa4 Bb2 39.
Nf2 Kg6 40. Nd3 Ba3 41. Ke4 Kh5 42. Kf5 Kh4 43. Ne5 Bc1 44. Nc6 Kxh3 45. Nxa7
g4 46. Nb5 Bb2 47. a5 g3 48. a6 g2 49. a7 g1=Q 50. a8=Q Qf1+ 51. Ke6 Qxb5 52.
Qf3+ Kh4 53. Qf4+ Kh3 54. Qf5+ Qxf5+ 55. Kxf5 {Normal} 1/2-1/2

[Event "Rated Blitz game"]
[Site "?"]
[Date "2021.04.26"]
[Round "?"]
[White "brunosten"]
[Black "gambitkoko"]
[Result "0-1"]
[WhiteElo "2472"]
[BlackElo "2294"]
[PlyCount "122"]
[EventDate "2021.??.??"]
[EventType "blitz"]
[TimeControl "180"]

1. e4 e5 2. Nf3 Nf6 3. Nc3 Nc6 4. Nxe5 Nxe5 5. d4 Nc6 6. d5 Nb8 7. e5 Ng8 8.
Bc4 d6 9. e6 Nf6 10. O-O Be7 11. Qf3 fxe6 12. dxe6 O-O 13. Bg5 Nc6 14. Qh3 Ne5
15. Bb3 c6 16. f4 Ng6 17. f5 Ne5 18. Bxf6 Rxf6 19. Ne4 Kh8 20. Nxf6 gxf6 21.
Rad1 d5 22. Rf4 b6 23. c4 Bb7 24. cxd5 cxd5 25. Kh1 a5 26. Rfd4 Bc5 27. Rxd5
Bxd5 28. Rxd5 Qe7 29. Qg3 Rd8 30. h4 Rxd5 31. Bxd5 Qd6 32. e7 Qb8 33. h5 Bxe7
34. h6 Qf8 35. Kg1 Bc5+ 36. Kf1 Nf7 37. Bxf7 Qxf7 38. Qb8+ Qf8 39. Qc7 Qxh6 40.
Qd8+ Qf8 41. Qxf8+ Bxf8 42. g4 Kg7 43. Kg2 Kh6 44. Kh3 Kg5 45. Kg3 h6 46. Kf3
Bd6 47. b3 h5 48. gxh5 Kxh5 49. a4 Kg5 50. Ke4 Be5 51. Kd5 Kxf5 52. Kc6 Bd4 53.
Kd5 Bg1 54. Kc4 Ke4 55. Kb5 f5 56. b4 axb4 57. Kxb4 f4 58. Kc3 f3 59. Kd2 f2
60. Ke2 Kd5 61. Kf1 Kc4 {Time forfeit} 0-1

[Event "Rated Blitz game"]
[Site "?"]
[Date "2021.04.26"]
[Round "?"]
[White "mincso"]
[Black "Micro_Ice"]
[Result "1/2-1/2"]
[WhiteElo "2419"]
[BlackElo "2360"]
[PlyCount "84"]
[EventDate "2021.??.??"]
[EventType "blitz"]
[TimeControl "180+2"]

1. e4 e5 2. Nf3 Nc6 3. Nc3 Nf6 4. Nxe5 Nxe5 5. d4 Nc6 6. d5 Bb4 7. dxc6 Bxc3+
8. bxc3 dxc6 9. Bd3 h6 10. Ba3 Be6 11. O-O Qd7 12. Rb1 b6 13. f4 g6 14. Qe2
O-O-O 15. c4 c5 16. Bb2 Qe7 17. f5 Bd7 18. fxg6 Ng4 19. Bxh8 Rxh8 20. gxf7 Rf8
21. e5 Rxf7 22. Rxf7 Qxf7 23. h3 h5 24. hxg4 hxg4 25. Qe4 Kd8 26. Rf1 Qh5 27.
e6 Be8 28. Qd5+ Ke7 29. Qxh5 Bxh5 30. Bf5 g3 31. Re1 Be8 32. Be4 Ba4 33. Bd3
Bc6 34. Re5 Be8 35. Re3 Bc6 36. Kf1 Ba4 37. Bf5 Kf6 38. Bh3 Ke7 39. Bf5 Kf6 40.
Bd3 Ke7 41. Ke2 Bc6 42. Kf1 Ba4 {Normal} 1/2-1/2

[Event "Rated Blitz game"]
[Site "?"]
[Date "2021.04.26"]
[Round "?"]
[White "Crazyrazor"]
[Black "MasterTol"]
[Result "1-0"]
[WhiteElo "2486"]
[BlackElo "2494"]
[PlyCount "69"]
[EventDate "2021.??.??"]
[EventType "blitz"]
[TimeControl "180"]

1. e4 e5 2. Nf3 Nc6 3. Nc3 Nf6 4. Nxe5 Nxe5 5. d4 Ng6 6. e5 Ng8 7. Bc4 d6 8.
Qf3 Be6 9. Bb5+ c6 10. d5 cxb5 11. dxe6 fxe6 12. O-O d5 13. Nxb5 a6 14. Nd4 Qd7
15. c4 N8e7 16. Qg4 Nf5 17. Nxf5 exf5 18. Qd4 dxc4 19. Qxc4 Rc8 20. Qb3 Bc5 21.
Bg5 h6 22. Rad1 Qf7 23. e6 Qc7 24. Qd5 hxg5 25. g3 Ne7 26. Qd7+ Kf8 27. Qd3 g6
28. Qc3 Rh7 29. Qf6+ Kg8 30. Rd7 Qc6 31. Rfd1 Rf8 32. Rd8 Nc8 33. Qxg6+ Rg7 34.
Qxf5 Nd6 35. Rxf8# {Normal} 1-0

[Event "Rated Blitz game"]
[Site "?"]
[Date "2021.04.26"]
[Round "?"]
[White "mincso"]
[Black "kareem123456"]
[Result "1-0"]
[WhiteElo "2408"]
[BlackElo "2303"]
[PlyCount "31"]
[EventDate "2021.??.??"]
[EventType "blitz"]
[TimeControl "180+2"]

1. e4 e5 2. Nf3 Nc6 3. Nc3 Nf6 4. Nxe5 Nxe5 5. d4 Nc6 6. d5 Nb8 7. e5 Ng8 8. d6
f6 9. Nb5 cxd6 10. exd6 Na6 11. Qe2+ Ne7 12. Bf4 Kf7 13. Qc4+ Kg6 14. Bd3+ f5
15. g4 h6 16. O-O-O {Time forfeit} 1-0

[Event "Rated Blitz tournament 0UHPjZIO"]
[Site "?"]
[Date "2021.04.25"]
[Round "?"]
[White "lavilaine"]
[Black "Zhigalko_Andrey"]
[Result "1/2-1/2"]
[WhiteElo "2309"]
[BlackElo "2634"]
[PlyCount "164"]
[EventDate "2021.??.??"]
[EventType "blitz"]
[TimeControl "300"]

1. e4 e5 2. Nf3 Nc6 3. Nc3 Nf6 4. Nxe5 Nxe5 5. d4 Nc6 6. d5 Bb4 7. dxc6 bxc6 8.
Bd3 O-O 9. Bd2 Re8 10. O-O d6 11. f3 Rb8 12. a3 Bc5+ 13. Kh1 Bd4 14. Qc1 Nh5
15. Bg5 Bf6 16. Bxf6 Qxf6 17. Rb1 Nf4 18. Qe1 Be6 19. Qg3 Nxd3 20. cxd3 Rb3 21.
f4 Reb8 22. f5 Bd7 23. Nd1 h6 24. Nf2 Qg5 25. Qxg5 hxg5 26. Nd1 Rxd3 27. Rf2 c5
28. Rc1 Bc6 29. Nc3 a5 30. h3 Re8 31. Re2 f6 32. Rce1 Kf7 33. Kh2 Rb8 34. g4
Rh8 35. Re3 Rxe3 36. Rxe3 Rb8 37. Re2 Rb7 38. Rd2 Rb8 39. Kg3 Ke7 40. Kf3 Kd7
41. Ke3 Ba8 42. Na4 Rh8 43. Rh2 Bc6 44. Nc3 a4 45. Kf3 Kc8 46. Ke3 Kb7 47. Rd2
Kb6 48. Nd1 Rxh3+ 49. Kf2 Rh4 50. Kg3 Bxe4 51. Nf2 d5 52. Re2 Bb1 53. Re7 d4
54. Rxg7 d3 55. Rg6 c4 56. Rxf6+ c6 57. Rg6 d2 58. Rxg5 Rh1 59. Rg8 Rf1 60. Rd8
Rxf2 61. Kxf2 Bd3 62. f6 d1=Q 63. g5 Qe2+ 64. Kg3 Qe3+ 65. Kg4 Qe4+ 66. Kh5
Qh7+ 67. Kg4 Qe4+ 68. Kh5 Qg6+ 69. Kg4 Bf5+ 70. Kf4 Be6 71. Ke5 Qf5+ 72. Kd6
Bd5 73. Re8 Qxg5 74. Ke7 Qe5+ 75. Kd7 Qxf6 76. Re7 Qxb2 77. Re5 Qxa3 78. Re8
Qc5 79. Kc8 Ka7 80. Rh8 Qb6 81. Rh7+ Ka6 82. Rd7 Be6 {Normal} 1/2-1/2

[Event "Rated Blitz tournament FFZoIHcr"]
[Site "?"]
[Date "2021.04.25"]
[Round "?"]
[White "Penicillus"]
[Black "markus4"]
[Result "0-1"]
[WhiteElo "2342"]
[BlackElo "2500"]
[PlyCount "116"]
[EventDate "2021.??.??"]
[EventType "blitz"]
[TimeControl "300"]

1. e4 e5 2. Nf3 Nf6 3. Nc3 Nc6 4. Nxe5 Nxe5 5. d4 Ng6 6. e5 Ng8 7. Bc4 c6 8.
Qf3 d5 9. exd6 Qf6 10. Qe2+ Kd8 11. Ne4 Qxd4 12. Bxf7 Nf6 13. Bg5 Bf5 14. Nxf6
gxf6 15. c3 Qxd6 16. Rd1 fxg5 17. Rxd6+ Bxd6 18. O-O Kc7 19. Qd2 Bf4 20. Qe2
Rhf8 21. Bb3 Rae8 22. Qh5 Ne5 23. f3 Bg6 24. Qh6 g4 25. Qg7+ Kb8 26. g3 Be3+
27. Kh1 Nxf3 28. Be6 Be4 29. Bxg4 Ng5+ 30. Bf3 Nxf3 31. h4 Nd2+ 32. Kh2 Nxf1+
33. Kh3 Rf3 34. h5 Rxg3+ 35. Qxg3+ Nxg3 36. Kxg3 Bh6 37. Kh4 Bd5 38. Kg4 Be6+
39. Kf3 Rg8 40. Ke2 Bg4+ 41. Kd3 Bxh5 42. Kc4 Bg6 43. Kb3 Bg5 44. a3 Be7 45. a4
h6 46. c4 h5 47. c5 h4 48. a5 h3 49. a6 h2 50. Ka4 h1=Q 51. b4 Qa1+ 52. Kb3
Bf7+ 53. Kc2 Rg2+ 54. Kd3 Bg6+ 55. Ke3 Qe5+ 56. Kf3 Rg3+ 57. Kf2 Qe3+ 58. Kf1
Rg1# {Normal} 0-1

[Event "Rated Blitz game"]
[Site "?"]
[Date "2021.04.25"]
[Round "?"]
[White "Horween"]
[Black "Jero_el_siniestro"]
[Result "1-0"]
[WhiteElo "2341"]
[BlackElo "2427"]
[PlyCount "117"]
[EventDate "2021.??.??"]
[EventType "blitz"]
[TimeControl "180"]

1. e4 e5 2. Nf3 Nc6 3. Nc3 Nf6 4. Nxe5 Nxe5 5. d4 Ng6 6. e5 Ng8 7. Bc4 d6 8.
Qf3 Qe7 9. O-O Be6 10. Qxb7 Rd8 11. Bb5+ Bd7 12. Nd5 Bxb5 13. Nxc7+ Qxc7 14.
Qxc7 Bxf1 15. Qc6+ Ke7 16. Bg5+ f6 17. exf6+ gxf6 18. Re1+ Kf7 19. Qc7+ Be7 20.
Kxf1 fxg5 21. Qxa7 Nf6 22. a3 Rhe8 23. f3 Kf8 24. c4 Ra8 25. Qc7 Rac8 26. Qa7
Rxc4 27. b4 Rcc8 28. Ra1 Ra8 29. Qb7 Rab8 30. Qc7 Rec8 31. Qa5 Rc2 32. Qxg5
Rbc8 33. a4 Rb2 34. Rc1 Rxc1+ 35. Qxc1 Rxb4 36. Qc8+ Kg7 37. a5 Rxd4 38. a6 Ra4
39. Qb7 Nd5 40. a7 Ra1+ 41. Kf2 Ra2+ 42. Kg3 Kh6 43. a8=Q Bh4+ 44. Kh3 Ndf4+
45. Kg4 Rxg2+ 46. Kf5 Rg5+ 47. Ke4 Re5+ 48. Kd4 Ne6+ 49. Kc3 Be1+ 50. Kc2 Nc5
51. Qf7 Re2+ 52. Kd1 Rd2+ 53. Kxe1 Rb2 54. Qad5 Rb1+ 55. Kf2 Nd3+ 56. Qxd3 Rb2+
57. Kg3 Rxh2 58. Kxh2 Kg5 59. Qdf5+ {Time forfeit} 1-0

[Event "Rated Blitz game"]
[Site "?"]
[Date "2021.04.24"]
[Round "?"]
[White "Abdabdabd"]
[Black "Gorostovsky"]
[Result "1-0"]
[WhiteElo "2267"]
[BlackElo "2423"]
[PlyCount "53"]
[EventDate "2021.??.??"]
[EventType "blitz"]
[TimeControl "180"]

1. Nc3 Nf6 2. e4 e5 3. Nf3 Nc6 4. Nxe5 Nxe5 5. d4 Ng6 6. e5 Ng8 7. Bc4 d6 8.
O-O dxe5 9. Qf3 Qf6 10. Qe4 Qf5 11. Qe2 Be6 12. Bxe6 Qxe6 13. Qb5+ Qc6 14. Qe2
O-O-O 15. dxe5 Bb4 16. Qg4+ Kb8 17. Qxb4 Nxe5 18. Bf4 Ng6 19. Bg3 Nf6 20. Rad1
h5 21. Nb5 Rc8 22. Rd3 a6 23. Nxc7 Rxc7 24. Rc3 Nd5 25. Rxc6 Nxb4 26. Rxc7 h4
27. Bd6 {Normal} 1-0

[Event "Rated Rapid game"]
[Site "?"]
[Date "2021.04.24"]
[Round "?"]
[White "khalid_ontawar"]
[Black "Mainrival"]
[Result "0-1"]
[WhiteElo "2286"]
[BlackElo "2618"]
[PlyCount "152"]
[EventDate "2021.??.??"]
[EventType "rapid"]
[TimeControl "480"]

1. e4 e5 2. Nf3 Nc6 3. Nc3 Nf6 4. Nxe5 Nxe5 5. d4 Ng6 6. e5 Ng8 7. Bc4 c6 8.
Qf3 d5 9. exd6 Qf6 10. Qe2+ Be6 11. d5 Qe5 12. dxe6 Qxe2+ 13. Nxe2 fxe6 14.
Bxe6 Bxd6 15. O-O Nf6 16. Bg5 Ne4 17. Be3 Nc5 18. Bxc5 Bxc5 19. Rad1 Rf8 20.
Ng3 Rd8 21. Ne4 Bb6 22. c4 Ke7 23. Bg4 Rxd1 24. Rxd1 Ne5 25. Be2 Rf4 26. Bf3
Nxf3+ 27. gxf3 Rxf3 28. c5 Bc7 29. Kg2 Rf4 30. f3 Rf5 31. b4 Rd5 32. Nc3 Rg5+
33. Kf2 Bxh2 34. Ne4 Rh5 35. Re1 Kd8 36. Rd1+ Kc7 37. Rh1 g6 38. Kg2 Be5 39.
Rxh5 gxh5 40. Kh3 Bf4 41. Kh4 Kd7 42. Kxh5 Ke6 43. Kg4 Be3 44. f4 h5+ 45. Kf3
Bc1 46. Nd6 b6 47. Ke4 bxc5 48. bxc5 Ba3 49. f5+ Kf6 50. Kf4 Bc1+ 51. Kg3 Be3
52. Kf3 Bc1 53. Kg3 Ke5 54. Kh4 Kd5 55. Kxh5 Kxc5 56. Nb7+ Kd5 57. f6 Ba3 58.
f7 Bf8 59. Kg6 c5 60. Na5 c4 61. Kh7 c3 62. Kg8 c2 63. Nb3 Bd6 64. f8=Q Bxf8
65. Kxf8 a5 66. Ke7 a4 67. Nc1 Kd4 68. Kd6 Kc3 69. a3 Kb2 70. Ne2 Kxa3 71. Kc5
Kb2 72. Kb4 a3 73. Nc3 c1=Q 74. Na4+ Kc2 75. Nc5 a2 76. Nb3 Qb1 {Normal} 0-1

[Event "Rated Rapid game"]
[Site "?"]
[Date "2021.04.23"]
[Round "?"]
[White "Smashyy"]
[Black "BatuhanCansu"]
[Result "1-0"]
[WhiteElo "2322"]
[BlackElo "2410"]
[PlyCount "23"]
[EventDate "2021.??.??"]
[EventType "rapid"]
[TimeControl "600"]

1. e4 e5 2. Nf3 Nc6 3. Nc3 Nf6 4. Nxe5 Nxe5 5. d4 Ng6 6. e5 Ng8 7. Bc4 Bb4 8.
Qf3 Bxc3+ 9. bxc3 Qe7 10. h4 d5 11. Bxd5 c6 12. Bxc6+ {Normal} 1-0

[Event "Rated Blitz game"]
[Site "?"]
[Date "2021.04.22"]
[Round "?"]
[White "laNoviadeChucky"]
[Black "shazlychess"]
[Result "0-1"]
[WhiteElo "2248"]
[BlackElo "2404"]
[PlyCount "72"]
[EventDate "2021.??.??"]
[EventType "blitz"]
[TimeControl "180+2"]

1. e4 e5 2. Nc3 Nc6 3. Nf3 Nf6 4. Nxe5 Nxe5 5. d4 Ng6 6. e5 Ng8 7. Bc4 d6 8.
Qf3 Qd7 9. O-O c6 10. exd6 Bxd6 11. Ne4 Bc7 12. d5 cxd5 13. Bxd5 Qxd5 14. Re1
N6e7 15. c4 Qe5 16. g3 Nf6 17. Bf4 Qf5 18. Rad1 Bxf4 19. Nd6+ Bxd6 20. Qe2 O-O
21. Rxd6 Nc6 22. a3 Qh3 23. f3 Be6 24. b3 Rfd8 25. Qd2 Rxd6 26. Qxd6 Rd8 27.
Qc7 Bc8 28. Qf4 h6 29. g4 Nxg4 30. fxg4 Qxg4+ 31. Qxg4 Bxg4 32. b4 Rd2 33. b5
Nd4 34. Re8+ Kh7 35. Re7 Nf3+ 36. Kf1 Bh3# {Normal} 0-1

[Event "Rated Blitz tournament SYoHHVGS"]
[Site "?"]
[Date "2021.04.22"]
[Round "?"]
[White "Pepeoutai"]
[Black "Matze96"]
[Result "0-1"]
[WhiteElo "2408"]
[BlackElo "2421"]
[PlyCount "46"]
[EventDate "2021.??.??"]
[EventType "blitz"]
[TimeControl "180+2"]

1. e4 e5 2. Nf3 Nf6 3. Nc3 Nc6 4. Nxe5 Nxe5 5. d4 Ng6 6. e5 Ng8 7. Bc4 Bb4 8.
Qf3 Qe7 9. O-O Bxc3 10. bxc3 Nh6 11. Rb1 O-O 12. Bxh6 gxh6 13. Rfe1 d6 14. exd6
Qxd6 15. Rb5 c6 16. Rh5 Be6 17. Bxe6 fxe6 18. Qe3 Rae8 19. Rxh6 Qf4 20. Qxf4
Rxf4 21. g3 Rf6 22. h4 Ref8 23. f4 Rf5 {Normal} 0-1

[Event "Rated Blitz game"]
[Site "?"]
[Date "2021.04.21"]
[Round "?"]
[White "chessislifehomie"]
[Black "Manu94"]
[Result "1-0"]
[WhiteElo "2237"]
[BlackElo "2424"]
[PlyCount "35"]
[EventDate "2021.??.??"]
[EventType "blitz"]
[TimeControl "180"]

1. e4 e5 2. Nf3 Nc6 3. Nc3 Nf6 4. Nxe5 Nxe5 5. d4 Ng6 6. e5 Ng8 7. Bc4 d5 8.
Bxd5 c6 9. Bb3 Be6 10. O-O Bb4 11. Ne4 Bxb3 12. axb3 Nh6 13. Bxh6 gxh6 14. f4
Qh4 15. g3 Qh3 16. Qe2 a5 17. f5 Ne7 18. c3 {Normal} 1-0

[Event "Rated Blitz game"]
[Site "?"]
[Date "2021.04.20"]
[Round "?"]
[White "biomechanoid8"]
[Black "BaivabMishra"]
[Result "0-1"]
[WhiteElo "2359"]
[BlackElo "2421"]
[PlyCount "100"]
[EventDate "2021.??.??"]
[EventType "blitz"]
[TimeControl "180"]

1. e4 e5 2. Nf3 Nc6 3. Nc3 Nf6 4. Nxe5 Nxe5 5. d4 Ng6 6. e5 Bb4 7. exf6 Qxf6 8.
Be2 O-O 9. O-O Bxc3 10. bxc3 d5 11. c4 dxc4 12. Bxc4 Bf5 13. c3 Rfd8 14. Qb3
Rab8 15. Re1 h6 16. Ba3 Qg5 17. Bxf7+ Kh7 18. Bxg6+ Qxg6 19. Re3 Re8 20. Rae1
Rxe3 21. Rxe3 Re8 22. Rxe8 Qxe8 23. Qd1 Qe4 24. h3 Qd5 25. Qe2 Be4 26. f3 Bb1
27. Bf8 Qf7 28. Qb2 Bxa2 29. Qxb7 Qxf8 30. Qxa7 Qf7 31. Qc5 Bd5 32. Kf2 c6 33.
Qd6 Qe6 34. Qf4 Qg6 35. Kg1 Qd3 36. Kh2 Kg8 37. Qb8+ Kh7 38. Qe5 Qxc3 39. Qf5+
Kh8 40. Qf8+ Bg8 41. Qd6 Qc4 42. h4 Qd5 43. Qf4 Be6 44. g4 Qa2+ 45. Kg3 Qd5 46.
g5 Qf5 47. Qb8+ Kh7 48. gxh6 Qh3+ 49. Kf2 Qxh4+ 50. Ke3 Qxh6+ {Time forfeit}
0-1

[Event "Rated Blitz game"]
[Site "?"]
[Date "2021.04.20"]
[Round "?"]
[White "GoughPhar"]
[Black "SookieNala"]
[Result "0-1"]
[WhiteElo "2369"]
[BlackElo "2472"]
[PlyCount "48"]
[EventDate "2021.??.??"]
[EventType "blitz"]
[TimeControl "180"]

1. e4 e5 2. Nf3 Nc6 3. Nc3 Nf6 4. Nxe5 Nxe5 5. d4 Ng6 6. e5 Ng8 7. Bc4 d5 8.
Bxd5 c6 9. Bb3 Bb4 10. Qf3 Be6 11. Bxe6 fxe6 12. O-O Bxc3 13. bxc3 N8e7 14. Ba3
Qd5 15. Qe3 O-O 16. f4 h5 17. Rf3 Rf5 18. Raf1 Raf8 19. Bc1 c5 20. Rh3 cxd4 21.
cxd4 Qc4 22. c3 Nd5 23. Qf3 Ngxf4 24. Bxf4 Rxf4 {Normal} 0-1